Vista normal Vista MARC

Entrada Materia (personas)

Número de registros utilizados en: 1

001 - CONTROL NUMBER

  • control field: 188082

003 - CONTROL NUMBER IDENTIFIER

  • control field: Co-BoUCM

005 - DATE AND TIME OF LATEST TRANSACTION

  • control field: 20260212195512.0

008 - FIXED-LENGTH DATA ELEMENTS

  • fixed length control field: 260212|| aca||aabn | a|a d

040 ## - CATALOGING SOURCE

  • Original cataloging agency: Co-BoUCM
  • Transcribing agency: Co-BoUCM

100 ## - HEADING--PERSONAL NAME

  • Personal name: Pérez-Carballo Veiga, Juan

670 ## - SOURCE DATA FOUND

  • Source citation: Work cat.: (Co-BoUCM): Pérez-Carballo Veiga, Juan, Valoración de Start-Ups y Pymes en crecimiento, 2023